000
00336nam a2200145Ia 4500
100
_a
Rabiner/lawrence/ Gold/ B.
942
_c
BK
654
_a
DSP
245
_a
Theory and application of Digital signal processing
260
_b
Prentice Hall
_c
2005
082
_a
621.3822
_b
RAB
300
_a
762
546
_a
ENGLISH
999
_c
19777
_d
19777